01328nabaa22001937a 4500003000400000005001700004008004100021040000700062100002300069245015400092300001200246500003700258505054600295505008900841650002700930650002300957700004000980773011401020OSt20260124233709.0190701b xxu||||| |||| 00| 0 spa d cPJ aAcevedo, Fernando 10aMarco regulatorio y contractual de la industria de dragado fluvial y marítimo en Argentina /cFernando Acevedo, José Francisco Lago Rodríguez.  ap. 3-20 aCita: TR LALEY AR/DOC/1649/2024  aSumario: I. Nociones básicas sobre las obras de dragado.— II. Importancia de las obras de dragado para Argentina.— III. Ámbitos de ejecución de obras de dragado. La situación de los puertos y la sanción de la ley 24.093.— IV. Ámbitos de ejecución de obras de dragado. Referencia al dominio y jurisdicción sobre las aguas.— V. Regulaciones en torno a la bandera de las dragas.— VI. Regulación ambiental.— VII. Aspectos contractuales.— VIII. Situación de la hidrovía Paraná-Paraguay.— IX. Conclusiones.  t¿Te interesa el texto completo? Comunicate al correo: koha@justierradelfuego.gov.ar 0aDERECHO ADMINISTRATIVO 0aTRANSPORTE FLUVIAL aLago Rodríguez, José Francisco 0 02842dBuenos Aires : AbeledoPerrot, 2012-oDA121tDerecho administrativo. Nº 154 julio/agosto 2024z18510590